| 000 | 01119nam a22003017a 4500 | ||
|---|---|---|---|
| 003 | EG-ScBUE | ||
| 005 | 20220608095829.0 | ||
| 008 | 131222t2001 enk f 000 0 eng d | ||
| 020 | _a0072396393 | ||
| 020 | _a9780072396393 | ||
| 040 |
_aEG-ScBUE _beng _erda _cEG-ScBUE _dEG-ScBUE |
||
| 082 | 0 | 4 |
_222 _a428.64 _bHAR |
| 100 | 1 |
_914491 _aHartmann, Pamela, _eauthor. |
|
| 245 | 1 | 0 |
_aInstructor's manual to accompany quest listening and speaking in the academic world. _bbook 3 / _cPamela Hartmann, Los Angeles Unified School District, Laurie Blass ; prepared by Marietta Urban. |
| 264 | 1 |
_aNew York, NY : _bMcGraw-Hill Higher Education, _c[2001] |
|
| 264 | 4 | _cc2001 | |
| 300 |
_axiv, 156 pages ; _c28 cm |
||
| 336 |
_2rdacontent _atext _btxt |
||
| 337 |
_2rdamedia _aunmediated _bn |
||
| 338 |
_2rdacarrier _avolume _bnc |
||
| 650 | 7 |
_914307 _aEnglish language _vProblems, exercises, etc. _2BUEsh |
|
| 651 | _2BUEsh | ||
| 653 |
_cDecember2013 _bHHUUEENN |
||
| 655 |
_vReading book _934232 |
||
| 700 | 1 |
_934715 _aBlass, Laurie _d1952- _eauthor. |
|
| 700 | 1 |
_934716 _aUrban, Marietta, _eeditor. |
|
| 942 |
_2ddc _cBB _k428.64 HAR |
||
| 999 |
_c17886 _d17858 |
||